000
00187 a2200097 4500
001
20653
100
_a
G S I
245
_a
Popular science
260
_a
_b
G S I
_c
090
_c
14957
_d
14957
942
_a
NUST-CAE
_c
M
_c
5510
999
_c
255726
_d
255726